000 01369cam a22003014a 4500
001 12394085
003 OSt
005 20210414113939.0
008 010427s2002 enkab b 001 0 eng
010 _a 2001032890
020 _a058235658X (pbk.)
040 _aDLC
_cDLC
_dDLC
042 _apcc
050 0 0 _aG156.5.E26P35
082 0 0 _a338.4/791
_221
100 1 _aPage, Stephen,
_d1963-
245 1 0 _aEcotourism. /
_cStephen J. Page and Ross K. Dowling.
260 _aHarlow, England ;
_aNew York :
_bPrentice Hall,
_cc2002.
300 _axvi, 338 p. :
_bill., maps ;
_c24 cm.
440 0 _aThemes in tourism
504 _aIncludes bibliographical references (p. 287-328).
505 _aContents: Introduction: from the environment-tourism nexus to ecotourism -- Tourism and the environment -- Ecotourism: concepts, definitions and issues -- Ecotourist: consumers of nature and the environment -- The Ecotourism industry -- The Impact of ecotourism -- Managing ecotourism: principles to practice -- Marketing for ecotourism -- Future issues and prospects for ecotourism.
650 0 _aEcotourism.
700 1 _aDowling, Ross Kingston.
906 _a7
_bcbc
_corignew
_d1
_eocip
_f20
_gy-gencatlg
942 _2lcc
_cBK
999 _c888
_d8388